000 00582nam a2200241 a 4500
001 nice12345678
003 IN_TiNIC
005 20260116012016.0
008 050524s1976 chia grp 000 0 eng
020 _a
_c237.6
082 0 0 _a200.8
_bROB
100 _aRobertson, Irvine
245 _aWhat the Cults Believe
260 _aChicago
_bMoody Press
_c1976
300 _a128p
500 _aincludes index and biblioraphy
505 2 _aBibliography
650 _aReligion-Cults-Modern
700 1 _aRobertson, Irvine
902 _bSRS
942 _cBK
999 _c5267
_d5267